Neem and environment / (Record no. 37377)
[ view plain ]
| 000 -LEADER | |
|---|---|
| fixed length control field | 01174nam a2200325 a 4500 |
| 001 - CONTROL NUMBER | |
| control field | 37377 |
| 003 - CONTROL NUMBER IDENTIFIER | |
| rucl marc code | BD-RjUL |
| 005 - DATE AND TIME OF LATEST TRANSACTION | |
| control field | 20211209052613.0 |
| 008 - FIXED-LENGTH DATA ELEMENTS--GENERAL INFORMATION | |
| fixed length control field | 141207s1996 ii a b 100 0 eng |
| 020 ## - INTERNATIONAL STANDARD BOOK NUMBER | |
| International Standard Book Number | 8120410432 (set) |
| International Standard Book Number | 8120410696 (v. 1) |
| International Standard Book Number | 812041070X (v. 2) |
| 035 ## - SYSTEM CONTROL NUMBER | |
| System control number | (BD-RjUL)37480 |
| 040 ## - CATALOGING SOURCE | |
| Original cataloging agency | DLC |
| Transcribing agency | DLC |
| Modifying agency | DLC |
| Language of cataloging | eng |
| 041 ## - LANGUAGE CODE | |
| Language code of text/sound track or separate title | eng |
| 082 00 - DEWEY DECIMAL CLASSIFICATION NUMBER | |
| Classification number | 633.8 |
| Edition number | 21 |
| Author mark and year | NEE 1990 |
| 245 00 - TITLE STATEMENT | |
| Title | Neem and environment / |
| Statement of responsibility, etc. | editors, R.P. Singh ... [et al.]. |
| Number of part/section of a work | Volume 1 |
| 260 ## - PUBLICATION, DISTRIBUTION, ETC. (IMPRINT) | |
| Place of publication, distribution, etc. | New Delhi : |
| Name of publisher, distributor, etc. | Oxford & IBH Pub. Co., |
| Date of publication, distribution, etc. | c1996. |
| 300 ## - PHYSICAL DESCRIPTION | |
| Pagination | 2 v. (xx, 1225 p.) : |
| Illustrations | ill. ; |
| Size | 25 cm. |
| 504 ## - BIBLIOGRAPHY, ETC. NOTE | |
| Bibliography, etc | Includes bibliographical references. |
| 520 ## - SUMMARY, ETC. | |
| Summary, etc. | Proceedings of the World Neem Conference, held at Bangalore, India, from 24 to 28 February, 1993, organized by Indian Society of Tobacco Science. |
| 650 #0 - SUBJECT ADDED ENTRY--TOPICAL TERM | |
| Topical term or geographic name as entry element | Neem |
| Form subdivision | Congresses. |
| 9 (RLIN) | 114597 |
| Topical term or geographic name as entry element | Neem products |
| Form subdivision | Congresses. |
| 9 (RLIN) | 114598 |
| 700 1# - ADDED ENTRY--PERSONAL NAME | |
| Personal name | Singh, R. P. |
| 710 2# - ADDED ENTRY--CORPORATE NAME | |
| Corporate name or jurisdiction name as entry element | Indian Society of Tobacco Science. |
| 9 (RLIN) | 114600 |
| 711 2# - ADDED ENTRY--MEETING NAME | |
| Meeting name or jurisdiction name as entry element | World Neem Conference |
| Date of meeting | (1993 : |
| Location of meeting | Bangalore, India) |
| 9 (RLIN) | 114601 |
| 942 ## - ADDED ENTRY ELEMENTS (KOHA) | |
| Source of classification or shelving scheme | Dewey Decimal Classification |
| Koha item type | Books |
| Lost status | Source of classification or shelving scheme | Damaged status | Not for loan | Permanent Location | Current Location | Shelving location | Date acquired | Cost, normal purchase price | Total Checkouts | Full call number | Date last seen | Copy number | Koha item type |
|---|---|---|---|---|---|---|---|---|---|---|---|---|---|
| Dewey Decimal Classification | Not For Loan | Institute of Biological Sciences (IBSc) Library | Institute of Biological Sciences (IBSc) Library | 07/12/2014 | 2880.00 | 633.8 NEE 1996 | 07/12/2014 | C-1 | Books |